Obstetricia y ginecología (Registro nro. 308825)

Detalles MARC
000 -ENCABEZADO
Número de control [NR] 01016nam a2200301Ia 4500
005 - FECHA Y HORA DE LA ÚLTIMA TRANSACCIÓN
control field 20180118154110.0
008 - DE LONGITUD FIJA DE DATOS DE ELEMENTOS - INFORMACIÓN GENERAL
Elementos de longitud fija [NR] 171129s2015 ck gr spa d
020 ## - NUMERO INTERNACIONAL NORMALIZADO PARA LIBROS [R]
Número Internacional Normalizado del libro [NR] 9789588843223 (9a.Ed.)
020 ## - NUMERO INTERNACIONAL NORMALIZADO PARA LIBROS [R]
Número Internacional Normalizado del libro [NR] 9789583358333 (8a.Ed.)
040 ## - FUENTE DE CATALOGACION [NR]
Agencia de catalogación original [NR] Co-BoUCM
Idioma de catalogación [NR] spa
Quien Cataloga Saul Niño
Quien Clasifica Saul Niño
041 00 - CODIGO DE IDIOMA [R]
Código de idioma para texto/pista de sonido o título separado [R] Español
060 ## - SIGNATURA TOPOGRAFICA DE LA BIBLIOTECA NACIONAL DE MEDICINA (NLM) [R]
Número clasificador [R] WQ 100
100 1# - ASIENTO PRINCIPAL--NOMBRE PERSONAL [NR]
Nombre personal [NR] Botero Uribe, Jaime
ID Autoridad 89703
245 10 - MENCION DE TITULO [NR]
Título [NR] Obstetricia y ginecología
Mención de responsabilidad, etc. [NR] Jaime Botero Uribe, Alfonso Júbiz Hasbún, Guillermo Henao
250 ## - MENCION DE EDICION [NR]
Mención de edición [NR] Novena edición
260 ## - PUBLICACION, DISTRIBUCION, ETC. (PIE DE IMPRENTA) [R]
Lugar de publicación, distribución, etc. [R] Colombia
Nombre del editor, distribuidor, etc. [R] [Corporación para Investigaciones Biológicas]
Fecha de publicación, distribución, etc. [R] 2015
300 ## - DESCRIPCION FISICA [R]
Extensión [R] xxvii, 879 páginas
Otros detalles físicos [NR] ilustraciones
650 04 - ASIENTO SECUNDARIO DE MATERIA - TERMINO TEMATICO [R]
Término temático o nombre geográfico como elemento de entrada [NR] Ginecología
9 (RLIN) 217
650 04 - ASIENTO SECUNDARIO DE MATERIA - TERMINO TEMATICO [R]
Término temático o nombre geográfico como elemento de entrada [NR] Hemorragia uterina
9 (RLIN) 16737
650 04 - ASIENTO SECUNDARIO DE MATERIA - TERMINO TEMATICO [R]
Término temático o nombre geográfico como elemento de entrada [NR] Obstetricia
9 (RLIN) 20674
650 04 - ASIENTO SECUNDARIO DE MATERIA - TERMINO TEMATICO [R]
Término temático o nombre geográfico como elemento de entrada [NR] Ovarios
9 (RLIN) 20954
650 04 - ASIENTO SECUNDARIO DE MATERIA - TERMINO TEMATICO [R]
Término temático o nombre geográfico como elemento de entrada [NR] Parto
9 (RLIN) 21138
650 04 - ASIENTO SECUNDARIO DE MATERIA - TERMINO TEMATICO [R]
Término temático o nombre geográfico como elemento de entrada [NR] Útero
9 (RLIN) 26036
700 1# - ASIENTO SECUNDARIO - NOMBRE PERSONAL [R]
Nombre personal [NR] Botero Uribe, Jaime
9 (RLIN) 89703
700 1# - ASIENTO SECUNDARIO - NOMBRE PERSONAL [R]
Nombre personal [NR] Henao, Guillermo
9 (RLIN) 89704
700 1# - ASIENTO SECUNDARIO - NOMBRE PERSONAL [R]
Nombre personal [NR] Júbiz Hasbún, Alfonso
9 (RLIN) 89705
942 ## - ELEMENTOS DE ENTRADA AGREGADOS (KOHA)
Tipo de ítem principal el descrito en 300a Libro
Tema principal Medicina
Edición 9
Parte restante de la signatura top. B748og
Título oculto en OPAC No
Sistema de clasificación NLM
Clasificación WQ 100
Existencias
Total préstamos Signatura topográfica Código de barras Última vez visto Volúmen / Fascículo Ejemplar Costo de reposición Price effective from Tipo de ítem Perdido Sistema de clasificación Dañado No prestable Tipo de ítem específico Suprimido Ubicación habitual Ubicación actual Localización Fecha de creación Proveedor Forma de adquisición Costo Fecha de último préstamo Total Renewals
  WQ 100 B748og 100155075 01/12/2025 8a.Ed. Ej.1 26000.00 03/11/2017 Libro   NLM     Libro   Fundación Cardioinfantil Fundación Cardioinfantil 1er piso 03/11/2017 12 Donación 26000.00    
1 WQ 100 B748og 100155212 18/02/2026 9a.Ed. Ej.1 26000.00 08/11/2017 Libro   NLM     Libro   Fundación Cardioinfantil Fundación Cardioinfantil 1er piso 08/11/2017 12 Donación 0.00 10/08/2018 1